| 000 | 00430pab a2200169 454500 | ||
|---|---|---|---|
| 008 | 180718b2009 xxu||||| |||| 00| 0 eng d | ||
| 100 | _aKundu, Debolina | ||
| 245 | _aEstablishing a title registration system in India: problems and prospects | ||
| 260 | _c2009 | ||
| 300 | _ap.1-21. | ||
| 362 | _aJul-Dec | ||
| 650 | _aLand tenure - India | ||
| 650 | _aLand tenure | ||
| 773 | _aUrban India | ||
| 908 | _aN | ||
| 909 | _a86294 | ||
| 999 |
_c86294 _d86294 |
||